Drogenabhängigkeit: kritische Analyse psychologischer und soziologischer Erklärungsansätze
| Main Author: | |
|---|---|
| Format: | Print Book |
| Language: | German |
| Subito Delivery Service: | Order now. |
| Check availability: | HBZ Gateway |
| WorldCat: | WorldCat |
| Interlibrary Loan: | Interlibrary Loan for the Fachinformationsdienste (Specialized Information Services in Germany) |
| Published: |
Opladen
Westdeutscher Verl.
1984
|
| In: | Year: 1984 |
| Standardized Subjects / Keyword chains: | B
Drug addiction
/ Narcotics
|
| Further subjects: | B
Soziales Verhalten
B Risk of addiction B Verhaltensauffälligkeit B Drug addicts Case studies Germany (West) B Drug Abuse Germany (West) B Personality psychology B Rauschgiftsucht |
| Online Access: |
Cover Table of Contents |
MARC
| LEADER | 00000cam a2200000 c 4500 | ||
|---|---|---|---|
| 001 | 027399478 | ||
| 003 | DE-627 | ||
| 005 | 20251219212407.0 | ||
| 007 | tu | ||
| 008 | 710101s1984 gw ||||| 00| ||ger c | ||
| 015 | |a 84,N10,0025 |2 dnb | ||
| 015 | |a 84,A33,0074 |2 dnb | ||
| 016 | 7 | |a 840298161 |2 DE-101 | |
| 020 | |a 3531116894 |9 3-531-11689-4 | ||
| 035 | |a (DE-627)027399478 | ||
| 035 | |a (DE-576)009301747 | ||
| 035 | |a (DE-599)GBV027399478 | ||
| 035 | |a (OCoLC)11574607 | ||
| 035 | |a (OCoLC)310821331 | ||
| 035 | |a (DE-604)8003032116 | ||
| 040 | |a DE-627 |b ger |c DE-627 |e rakwb | ||
| 041 | |a ger | ||
| 044 | |c XA-DE | ||
| 050 | 0 | |a HV5840.G3 | |
| 082 | 0 | |a 362.2930943 | |
| 082 | 0 | |a 362.2/93/0943 |q OCLC | |
| 084 | |a 11 |2 sdnb | ||
| 084 | |a 1 |2 ssgn | ||
| 084 | |a CW 6940 |2 rvk |0 (DE-625)rvk/19200: | ||
| 084 | |a MS 6410 |2 rvk |0 (DE-625)rvk/123754: | ||
| 084 | |a 71.66 |2 bkl | ||
| 084 | |a 79.22 |2 bkl | ||
| 100 | 1 | |8 1\p |0 (DE-588)108059685 |0 (DE-627)521940494 |0 (DE-576)289601398 |4 aut |a Schmerl, Christiane |d 1945- | |
| 109 | |a Schmerl, Christiane 1945- | ||
| 245 | 1 | 0 | |a Drogenabhängigkeit |b kritische Analyse psychologischer und soziologischer Erklärungsansätze |c Christiane Schmerl |
| 264 | 1 | |a Opladen |b Westdeutscher Verl. |c 1984 | |
| 300 | |a VIII, 202 S. |c 23 cm | ||
| 336 | |a Text |b txt |2 rdacontent | ||
| 337 | |a ohne Hilfsmittel zu benutzen |b n |2 rdamedia | ||
| 338 | |a Band |b nc |2 rdacarrier | ||
| 500 | |a Literaturverz. S. 191 - 202 | ||
| 583 | 1 | |a Archivierung/Langzeitarchivierung gewährleistet |f SLG |x XA-DE-NI |z Bücherarchiv der GWV-Verlage |2 pdager |5 DE-84 | |
| 583 | 1 | |a Archivierung/Langzeitarchivierung gewährleistet |f SSG |x XA-DE-BW |2 pdager |5 DE-21 | |
| 601 | |a Psychologie | ||
| 601 | |a Soziologie | ||
| 650 | 0 | |a Drug Abuse |x Germany (West) | |
| 650 | 0 | |a Drug addicts |x Case studies |x Germany (West) | |
| 650 | 4 | |a Suchtgefährdung | |
| 650 | 4 | |a Verhaltensauffälligkeit | |
| 650 | 4 | |a Persönlichkeitspsychologie | |
| 650 | 4 | |a Soziales Verhalten | |
| 650 | 4 | |a Rauschgiftsucht | |
| 689 | 0 | 0 | |d s |0 (DE-588)4138597-4 |0 (DE-627)104577576 |0 (DE-576)209687398 |2 gnd |a Drogenabhängigkeit |
| 689 | 0 | 1 | |d s |0 (DE-588)4048610-2 |0 (DE-627)106190091 |0 (DE-576)20907860X |2 gnd |a Rauschgift |
| 689 | 0 | |5 (DE-627) | |
| 856 | 4 | 2 | |u http://www.gbv.de/dms/bs/toc/027399478.pdf |m V:DE-601 |m B:DE-84 |q pdf/application |x Verlag |y Inhaltsverzeichnis |3 Inhaltsverzeichnis |7 1 |
| 856 | 4 | 2 | |u https://swbplus.bsz-bw.de/bsz009301747cov.jpg |m V:DE-576 |m X:springer |q image/jpeg |v 20140210114114 |3 Cover |7 1 |
| 883 | |8 1\p |a cgwrk |d 20241001 |q DE-101 |u https://d-nb.info/provenance/plan#cgwrk | ||
| 889 | |w (DE-627)434291897 | ||
| 935 | |a mteo | ||
| 935 | |i Blocktest | ||
| 936 | r | v | |a CW 6940 |b Suchtgefährdung |k Psychologie |k Angewandte Psychologie |k Suchtgefährdung |0 (DE-627)1270707868 |0 (DE-625)rvk/19200: |0 (DE-576)200707868 |
| 936 | r | v | |a MS 6410 |b Sucht, Selbstmord, Tabus, Alkoholismus |k Soziologie |k Spezielle Soziologien |k Soziale Probleme |k Sucht, Selbstmord, Tabus, Alkoholismus |0 (DE-627)1271141701 |0 (DE-625)rvk/123754: |0 (DE-576)201141701 |
| 936 | b | k | |a 71.66 |j Sucht als soziales Problem |0 (DE-627)106412256 |
| 936 | b | k | |a 79.22 |j Soziale Arbeit mit Suchtkranken |0 (DE-627)106421964 |
| 951 | |a BO | ||
| ELC | |b 1 | ||
| ITA | |a 1 |t 1 | ||
| LOK | |0 000 xxxxxcx a22 zn 4500 | ||
| LOK | |0 001 319227297X | ||
| LOK | |0 003 DE-627 | ||
| LOK | |0 004 027399478 | ||
| LOK | |0 005 20000609000000 | ||
| LOK | |0 008 930217||||||||||||||||ger||||||| | ||
| LOK | |0 040 |a DE-21 |c DE-627 |d DE-21 | ||
| LOK | |0 852 |a DE-21 | ||
| LOK | |0 852 1 |c 24 A 5950 |9 00 | ||
| LOK | |0 935 |a kram |a konv | ||
| LOK | |0 939 |a 17-02-93 |b l01 | ||
| LOK | |0 000 xxxxxcx a22 zn 4500 | ||
| LOK | |0 001 3192273070 | ||
| LOK | |0 003 DE-627 | ||
| LOK | |0 004 027399478 | ||
| LOK | |0 005 20240418104415 | ||
| LOK | |0 008 960702||||||||||||||||ger||||||| | ||
| LOK | |0 040 |a DE-21-35 |c DE-627 |d DE-21-35 | ||
| LOK | |0 541 |e 1984/71635 | ||
| LOK | |0 852 |a DE-21-35 | ||
| LOK | |0 852 1 |c Mi 12.40 |m p |9 00 | ||
| LOK | |0 938 |k p | ||
| LOK | |0 939 |a 02-07-96 |b l01 | ||
| LOK | |0 000 xxxxxcx a22 zn 4500 | ||
| LOK | |0 001 3192273089 | ||
| LOK | |0 003 DE-627 | ||
| LOK | |0 004 027399478 | ||
| LOK | |0 005 20150312125341 | ||
| LOK | |0 008 940303||||||||||||||||ger||||||| | ||
| LOK | |0 040 |a DE-21-110 |c DE-627 |d DE-21-110 | ||
| LOK | |0 689 |a s |a Drogenabhängigkeit | ||
| LOK | |0 689 |a s |a Suchttheorie | ||
| LOK | |0 852 |a DE-21-110 | ||
| LOK | |0 852 1 |c C XVII 272 |m p |9 00 | ||
| LOK | |0 935 |a k110 | ||
| LOK | |0 936ln |a 9.7 | ||
| LOK | |0 938 |k p | ||
| LOK | |0 939 |a 03-03-94 |b l01 | ||
| LOK | |0 000 xxxxxcx a22 zn 4500 | ||
| LOK | |0 001 3192273097 | ||
| LOK | |0 003 DE-627 | ||
| LOK | |0 004 027399478 | ||
| LOK | |0 005 20110519154648 | ||
| LOK | |0 008 110519||||||||||||||||ger||||||| | ||
| LOK | |0 040 |a DE-21-43 |c DE-627 |d DE-21-43 | ||
| LOK | |0 541 |e 84/1377 | ||
| LOK | |0 852 |a DE-21-43 | ||
| LOK | |0 852 1 |c Db IX 641 |m p |9 00 | ||
| LOK | |0 935 |a k043 | ||
| LOK | |0 938 |k p | ||
| LOK | |0 939 |a 19-05-11 |b l01 | ||
| ORI | |a SA-MARC-ixtheoa001.raw | ||
| REF | |a Rauschgiftabhängigkeit | ||
| REL | |a 1 | ||
| STA | 0 | 0 | |a Drug addiction,Drug addiction,Drug dependency,Drug addiction,Narcotics,Drug,Narcotic,Personality psychology,Psychology of personality,Personality,Risk of addiction |
| STB | 0 | 0 | |a Drogue,Drogue,Stupéfiant,Stupéfiant,Stupéfiant (motif),Stupéfiant,Psychologie de la personnalité,Risque d’addiction,Risque de dépendance,Risque de dépendance,Toxicomanie,Toxicomanie |
| STC | 0 | 0 | |a Drogadicción,Drogadicción,Narcótico,Narcótico,Psicología de la personalidad,Riesgo de dependencia |
| STD | 0 | 0 | |a Droga <motivo>,Droga,Stupefacente,Stupefacente,Stupefacente (motivo),Stupefacente,Psicologia della personalità,Rischio di dipendenza,Tossicodipendenza,Tossicodipendenza,Dipendenze |
| STE | 0 | 0 | |a 人格心理学,个性心理学,药物成瘾,吸毒瘾,麻醉品,迷幻剂 |
| STF | 0 | 0 | |a 人格心理學,個性心理學,藥物成癮,吸毒癮,麻醉品,迷幻劑 |
| STG | 0 | 0 | |a Narcótico,Narcótico,Psicologia da personalidade,Risco de dependência,Toxicodependência,Toxicodependência |
| STH | 0 | 0 | |a Наркозависимость (мотив),Наркозависимость,Наркотик (мотив),Наркотик,Опасность зависимости,Психология личности |
| STI | 0 | 0 | |a Κίνδυνος εθισμού,Κίνδυνος εξάρτησης,Ναρκωτικά (μοτίβο),Ναρκωτικά,Τοξικομανία <μοτίβο>,Τοξικομανία,Εξάρτηση από τα ναρκωτικά,Εξάρτηση από τα ναρκωτικά (μοτίβο),Ψυχολογία της προσωπικότητας |
| SUB | |a REL | ||
| SYE | 0 | 0 | |a Suchtgefahr,Suchtpotenzial,Suchtpotential , Persönlichkeit |
| SYG | 0 | 0 | |a Drogensucht,Drogen,Toxikomanie,Substanzabhängigkeit , Narkotisches Genussmittel,Rauschdroge,Rauschmittel,Suchtgift,Suchtmittel,Psychoaktive Substanz,Droge,Drogen,Rauschgifte,Rauschdrogen |